[Event "Magistrale 6th"]
[Site "Bassano del Grappa"]
[Date "2006.12.27"]
[Round "2.4"]
[White "You, Zhi Chih Stefano"]
[Black "Guidi, Maurizio"]
[Result "1-0"]
[WhiteElo "1986"]
[BlackElo "2103"]
[PlyCount "105"]
[EventDate "2006.12.26"]
[EventType "swiss"]
[EventRounds "7"]
[EventCountry "ITA"]
[SourceTitle "EXT 2023"]
[Source "ChessBase"]
[SourceDate "2022.10.05"]
[SourceVersion "1"]
[SourceVersionDate "2022.10.05"]
[SourceQuality "1"]

1. e4 c5 2. Nf3 Nc6 3. d4 cxd4 4. Nxd4 g6 5. c4 Bg7 6. Nc2 Nf6 7. Nc3 0-0 8. Be2 d6 9. 0-0 Be6 10. Be3 Qc8 11. Rc1 Ng4 12. Bd4 Nxd4 13. Nxd4 Nf6 14. Kh1 Bd7 15. f4 Bc6 16. e5 Ne8 17. Nd5 Qd8 18. e6 f5 19. Bf3 Rc8 20. Qd2 Nf6 21. b4 Bxd5 22. cxd5 Qb6 23. Nb3 h5 24. h3 Bh6 25. g3 Qb5 26. Nd4 Qb6 27. a4 a6 28. a5 Qa7 29. Nb3 Bg7 30. Qd3 Qb8 31. Nd2 Rxc1 32. Rxc1 Rc8 33. Nc4 Rc7 34. Rc2 Qd8 35. Kg2 Bh6 36. Kf1 Qf8 37. Nb6 Rxc2 38. Qxc2 Qd8 39. Ke2 Qe8 40. Qc4 Kg7 41. Kd2 g5 42. Kc2 gxf4 43. gxf4 h4 44. Qc7 Ng8 45. Be2 Qg6 46. Qxb7 Bxf4 47. Qxa6 Qg2 48. Qd3 Nh6 49. Kb3 Be5 50. Ka4 Kf6 51. Kb5 f4 52. Qh7 Nf5 53. Nd7+ 1-0